[Event "Vilafranca del Penedes op 11th"]
[Site "Vilafranca del Penedes"]
[Date "2017.03.31"]
[Round "1"]
[White "Munoz Pantoja, Miguel Angel"]
[Black "Mendez Egea, Antoni"]
[Result "1-0"]
[WhiteElo "2529"]
[BlackElo "1939"]
[PlyCount "95"]
[EventDate "2017.03.31"]
[EventType "swiss"]
[EventRounds "8"]
[EventCountry "ESP"]
[SourceTitle "EXT 2018"]
[Source "ChessBase"]
[SourceDate "2017.10.13"]
[SourceVersion "1"]
[SourceVersionDate "2017.10.13"]
[SourceQuality "1"]

1. e4 c5 2. g3 d6 3. Bg2 g6 4. Ne2 Bg7 5. c3 Nc6 6. d4 cxd4 7. cxd4 Qb6 8. Nbc3 Nf6 9. h3 0-0 10. Be3 Qa5 11. a3 a6 12. f4 e6 13. b4 Qd8 14. e5 dxe5 15. dxe5 Qxd1+ 16. Rxd1 Nd7 17. Ne4 f6 18. Nd6 Rd8 19. exf6 Bxf6 20. 0-0 Be7 21. Nc3 Nf6 22. Nc4 Bd7 23. g4 Be8 24. Bf3 Rxd1 25. Rxd1 Rd8 26. Rxd8 Nxd8 27. Na5 Bc6 28. Nxc6 Nxc6 29. g5 Ne8 30. Na4 Nd6 31. Kf2 Nc4 32. Bc1 Kf7 33. h4 Ke8 34. Be2 Nd6 35. Nc5 Kf7 36. Bf3 Nb5 37. Nxb7 Ncd4 38. Na5 Nxf3 39. Kxf3 Nd4+ 40. Kg4 Bd6 41. Nc4 Bc7 42. Bb2 Nf5 43. Be5 Bxe5 44. Nxe5+ Ke7 45. h5 gxh5+ 46. Kxh5 Kf8 47. Nd7+ Kg7 48. Nc5 1-0

[Event "Manresa op 31st"]
[Site "Manresa"]
[Date "2014.10.25"]
[Round "6"]
[White "Mendez Egea, Antoni"]
[Black "Basas Gamazo, Josep"]
[Result "0-1"]
[WhiteElo "1928"]
[BlackElo "2084"]
[PlyCount "62"]
[EventDate "2014.09.20"]
[EventType "swiss"]
[EventRounds "8"]
[EventCountry "ESP"]
[SourceTitle "EXT 2016"]
[Source "ChessBase"]
[SourceDate "2015.10.08"]
[SourceVersion "1"]
[SourceVersionDate "2015.10.08"]
[SourceQuality "1"]

1. b3 e5 2. Bb2 Nc6 3. e3 Nf6 4. Bb5 Bd6 5. Nf3 e4 6. Nd4 0-0 7. 0-0 a6 8. Bxc6 dxc6 9. f4 exf3 10. Nxf3 Qe7 11. Nc3 Bf5 12. Ne2 Ng4 13. h3 Nh6 14. Nf4 Qe4 15. Nh5 f6 16. Nd4 Bd7 17. Rc1 Rae8 18. Qf3 Qg6 19. Kh1 Be5 20. Nf4 Qg5 21. Ba3 Rf7 22. Qf2 Bxd4 23. exd4 Nf5 24. c3 Ng3+ 25. Kh2 Nxf1+ 26. Rxf1 h5 27. Nd3 h4 28. Nc5 Bc8 29. d3 f5 30. Na4 f4 31. Re1 Qg3+ 0-1

[Event "Manresa op 31st"]
[Site "Manresa"]
[Date "2014.10.11"]
[Round "4"]
[White "Argelaguer Benitez, Francesc"]
[Black "Mendez Egea, Antoni"]
[Result "1/2-1/2"]
[WhiteElo "1734"]
[BlackElo "1928"]
[PlyCount "56"]
[EventDate "2014.09.20"]
[EventType "swiss"]
[EventRounds "8"]
[EventCountry "ESP"]
[SourceTitle "EXT 2016"]
[Source "ChessBase"]
[SourceDate "2015.10.08"]
[SourceVersion "1"]
[SourceVersionDate "2015.10.08"]
[SourceQuality "1"]

1. d4 f5 2. e4 e6 3. e5 c5 4. c3 Nc6 5. Nf3 cxd4 6. cxd4 Bb4+ 7. Nc3 Nge7 8. Bc4 d5 9. Bb5 a6 10. Ba4 0-0 11. 0-0 Ng6 12. Bxc6 bxc6 13. Ne2 Be7 14. Bd2 c5 15. Bf4 Qb6 16. Qd2 a5 17. Rfd1 Ba6 18. dxc5 Bxc5 19. Ned4 Nxf4 20. Qxf4 Bxd4 21. Nxd4 Rac8 22. a3 Rc4 23. b3 Rc3 24. Rac1 Rfc8 25. Rxc3 Rxc3 26. Qg5 Rc7 27. Qd8+ Kf7 28. Qg5 Re7 1/2-1/2